000 00697cam a2200241 4500
001 A423
008 090401t1994 xxu||||| |||| 00| 0 eng d
035 _a(Sirsi) u95428
041 _aeng
110 _aRoyal Institution of Chartered Surveyors
_94900
245 _aPlanning policy guidance on green belts
260 _bRICS
_c1994
300 _a6p
350 _a3
490 _aRICS Memorandum
_vGCPPA/Report(94)10
520 _aComments in response to the draft revision of Planning Policy Guidance Note 2 on green belts.
650 _aGREEN BELT
650 _aPLANNING POLICY
650 _aRICS RESPONSE
690 _aPLANNING LAW AND PRACTICE
942 _n0
948 _c04/03/1997
999 _c98500
_d98500